Pékin Express - QCM sur les règles et le jeu - Statistiques

Statistiques générales
  • Ce quiz a été pris 441 fois
  • Le résultat moyen est 13 sur 20
Statistiques - réponses
Question Réponse % Correct
Quel objet n'existe pas ? le drapeau vert
97%
Les gains des candidats sont matérialisés par des amulettes
96%
Pekin Express est diffusé sur M6
92%
Les questions du quiz express sont posées... par la radio de la voiture
92%
Le gain maximum de Pékin Express est de... 100000 €
91%
Les vainqueurs de l'immunité portent un dossard... rouge
88%
Quel panneau existe ? voiture interdite
88%
Le budget des candidats pendant la course est de ... par jour 1 euro
87%
Quel jour de la semaine Pekin Express n'a-t-il jamais été diffusé ? le lundi
69%
Quel effet n'a pas l'enveloppe "non éliminatoire" elle enlève une amulette
66%
Quel dérivé de l'émission n'existe pas ? Ils ne vous disent pas tout
66%
A mars 2023, il y a eu... saisons de Pekin Express 17
63%
Le plus grand nombre d'équipes en compétition pour une même saison a été de... 11
60%
Quel est l'effet du drapeau noir ? il retrograde l'équipe qui l'a d'une place à l'arrivée
51%
Le drapeau rouge arrête les candidats pendant... 15 minutes
42%
Le duel final est apparu en... 2018
39%
Le jeu s'est interrompu de... 2015 à 2018
30%
A propos du logo de l'émission, quelle affirmation est fausse ? le mot Pekin est toujours écrit en rouge
25%
Quelle contrainte n'a jamais été imposée aux candidats concernant le chauffeur ou le véhicule ? choisir un chauffeur chauve
20%
La finale la plus suivie a été celle de la ... saison 3e
18%
Aucun quiz correspondant
Distribution des résultats
% des personnes avec chaque résultat
Percentile par nombre de réponses
Votre historique - résultats
Vous n’avez pas pris ce quiz